American readings Selections and exercises for vocabulary development

Đã lưu trong:
Bibliografiske detaljer
Hovedforfatter: Robert M Grindell
Format: Bog
Sprog:Undetermined
Udgivet: New York McGraw-Hill 1964
Fag:
Tags: Tilføj Tag
Ingen Tags, Vær først til at tagge denne postø!
Thư viện lưu trữ: Trung tâm Học liệu Trường Đại học Cần Thơ
LEADER 00528nam a2200181Ia 4500
001 CTU_337
008 210402s9999 xx 000 0 und d
082 |a 428 
082 |b G847 
100 |a Robert M Grindell 
245 0 |a American readings 
245 0 |b Selections and exercises for vocabulary development 
245 0 |c Robert M Grindell, Leonard R Marell 
260 |a New York 
260 |b McGraw-Hill 
260 |c 1964 
650 |a english language - readers 
980 |a Trung tâm Học liệu Trường Đại học Cần Thơ